Presidentes por país - Estadísticas

Estadísticas generales
  • Esta prueba ha sido intentada 38 veces
  • La puntuación promedio es 24 de 25
Estadísticas de respuestas
Presidente País % Correcto
Luiz Inácio Lula da Silva Brasil
100%
Pedro Sánchez Pérez-Castejón España
100%
Donald John Trump Estados Unidos
100%
Emmanuel Jean-Michel Frédéric Macron Francia
100%
Mochtabá Hoseiní Jameneí Irán
100%
Benjamín Netanyahu Israel
100%
Sanae Takaichi Japón
100%
Claudia Sheinbaum Pardo México
100%
Vladímir Vladímirovich Putin Rusia
100%
Frank-Walter Steinmeier Alemania
97%
Javier Gerardo Milei Argentina
97%
Xi Jingping China
97%
Kim Jong-un Corea del Norte
97%
Nayib Armando Bukele Ortez El Salvador
97%
Konstantínos Tasoúlas Grecia
97%
Georgia Meloni Italia
97%
Volodímir Oleksándrovich Zelenski​ Ucrania
97%
Delcy Eloína Rodríguez Gómez Venezuela
97%
Mohamed bin Salmán bin Abdulaziz Al Saud Arabia Saudí
91%
Mark Joseph Carney Canadá
91%
Keir Rodney Starmer Reino Unido
91%
Recep Tayyip Erdoğan Turquía
91%
Narendra Damodardas Modi India
88%
Aleksandr Grigórievich Lukashenko Bielorrusia
82%
Anthony Norman Albanese Australia
59%
No se encontraron pruebas coincidentes
Distribución de puntuación
Porcentaje de gente con cada puntuación
Porcentaje por número respondido
Historial de tus puntuaciones
No has intentado esta prueba.